| 000 | 00738nam a2200265 i 4500 | ||
|---|---|---|---|
| 001 | 5728 | ||
| 003 | ES-MaACL | ||
| 005 | 20230906144656.0 | ||
| 007 | t| | ||
| 008 | 890517s1988 sp ||||1| spa d | ||
| 020 | _a84-86747-18-X | ||
| 080 | _a86-14"19" | ||
| 080 | _a86(Serna,C.7 F.01) | ||
| 100 | 1 |
_aSerna, Carmen. _9105565 |
|
| 245 | 1 | 0 |
_aFuego y ceniza / _cCarmen Serna. |
| 250 | _a1a ed. | ||
| 260 |
_aBarcelona : _bSeuba, _c1988. |
||
| 300 |
_a78 p. ; _c20 cm. |
||
| 490 | 1 |
_aEl juglar y la luna ; _v18 |
|
| 830 | 0 |
_aEl juglar y la luna ; _v18 _9177351 |
|
| 852 |
_aES-MaACL _jL-12744 _bR.116512 _z. - rust. |
||
| 852 |
_aES-MaACL _jL-12743 _bR.116493 |
||
| 852 |
_aES-MaACL _jL-13284 _bR.116283 |
||
| 999 |
_c5728 _d5728 |
||